00602nam a2200193 a 450000100100000000500170001000800410002704000250006808200170009310000330011024500770014326000280022030000210024849000160026965000330028565000370031870000370035583000160039200004362620201002044903.0140331s1970 sp 000 0 spa d aDO-SdBNPbspacBNPHU a863.3bT585p1 aTimoneda, Juan ded1518-158310aEl patrañuelo /cJuan de Timoneda; prólogo Joaquín del Moral Ruiz. aMadrid :bLibra,c1970. a179 p. ;c17 cm.1 aPurpurav22 4aNovela españolaySIGLO XVI 4aLiteratura españolaySIGLO XVI12aMoral Ruiz, Joaquín deleprol. 0aPurpuran22